Tratado de armonía: teórico y práctico
Salvato in:
| Autore principale: | |
|---|---|
| Natura: | Libro |
| Lingua: | spagnolo |
| Pubblicazione: |
Leipzig
Breitkopf & Haertel
1928
|
| Soggetti: | |
| Tags: |
Aggiungi Tag
Nessun Tag, puoi essere il primo ad aggiungerne!!
|
MARC
| LEADER | 00000nam a2200000 a 4500 | ||
|---|---|---|---|
| 001 | UCZ5703 | ||
| 003 | CL-VaPUC | ||
| 008 | 951124e19280000GW |||||||||||||||||spa|d | ||
| 082 | 0 | 4 | |a 781.25 |b RIC |2 21 |
| 100 | 0 | |a Richter, E. Federico |e author |9 349863 | |
| 245 | 1 | 0 | |a Tratado de armonía: teórico y práctico |
| 300 | |a 246 p | ||
| 942 | |c BK | ||
| 945 | |d 19951124 00:00:00 |a cmena | ||
| 260 | |a Leipzig |b Breitkopf & Haertel |c 1928 | ||
| 650 | 0 | |a Teoría musical |9 265760 | |
| 650 | 0 | |a Elementos musicales |9 306544 | |
| 650 | 0 | |a Música |9 306269 | |
| 650 | 0 | |a Musicología |9 306520 | |
| 583 | |a last modification |c 19951124 00:00:00 |k Rodrigo Vera | ||
| 999 | |c 241993 |d 241991 | ||
| 952 | |0 0 |1 0 |4 0 |6 781_250000000000000_RIC_1928 |7 0 |8 P |9 254652 |a BIBEDU |b BIBEDU |c BIBEDU_PB |d 2019-11-19 |i 1576259 |o 781.25 RIC 1928 |p 1576259 |r 2024-01-25 |w 2019-11-19 |y BK |k FIL | ||